000
00300nam a2200121Ia 4500
008
191201s2007 xx 000 0 und d
100
_a
GUPTA, S.C.
245
0
_a
Fluid Mechanics and Hydraulic Machines
260
_a
N. delhi
_b
pearson
_c
2007
300
_a
582
650
_a
B.Tech(CE)
942
_2
ddc
_c
BK
999
_c
6528
_d
6528